000 01067nam0a22003131 4500
001 rc\2233202
005 20110826154741.7
035 _a(NLR Aleph) 006531080
090 _a6534255
_c6534255
100 _a20110826d1979 |||y0rusy50 ca
101 0 _arus
102 _aRU
105 _aa z |||||
200 1 _aПриемка керамических и стеклянных товаров по качеству
210 _aКиев
_cТехнiка
_d1979
215 _a96 с.
_cил.
_d20
320 _aБиблиогр.: с. 95 (10 назв.)
606 _aПосуда керамическая
_xКачество
_xОценка
_2psbo
606 _aПосуда стеклянная
_xКачество
_xОценка
_2psbo
686 _aЛ433.2-9я73-1
_2rubbk
686 _aЛ427-9я73-1
_2rubbk
700 1 _aТюремнова
_bН. А.
_gНина Абрамовна
801 0 _aRU
_bNLR
_gpsbo
801 1 _aRU
_bELAR
_2rusmarc
852 _aNLR
_j79-4/21388
899 _aRuMoRGB
_jB 79-39/242
899 _aRuMoRGB
_jB 79-39/243
942 _cBOOK
980 _aNB